Úřední list Protektorátu Čechy a Morava

Uložené v:
Podrobná bibliografia
Médium: Seriál
Jazyk:Czech
Vydavateľské údaje: Praha Ministerstvo vnitra 1944
Tagy: Pridať tag
Žiadne tagy, Buďte prvý, kto otaguje tento záznam!

MARC

LEADER 00000nas2a2200000$$$4500
001 0012720
005 20250730114311.0
041 0 |a cze 
044 |a CZ 
245 1 0 |a Úřední list Protektorátu Čechy a Morava 
264 1 |a Praha  |b Ministerstvo vnitra  |c 1944 
300 |a 3 zv. 
773 0 |w eu_un_cat*0012698